[Event "Tournoi francophone 003 Groupe E"]
[Site "Skype"]
[Date "????.??.??"]
[Round "1.1"]
[White "Talbot, Jean"]
[Black "Lecluyse, Koenraad"]
[Result "0-1"]
[WhiteElo "1098"]
[BlackElo "1265"]
[PlyCount "48"]

1. e4 e5 2. Nf3 Nc6 3. Bc4 Nf6 4. d3 h6 5. O-O Be7 6. h3 d6 7. Re1 O-O 8. Nc3
Be6 9. Bxe6 fxe6 10. d4 Nxd4 11. Nxd4 exd4 12. Qxd4 e5 13. Qc4+ Kh8 14. Nd5
Nxd5 15. Qxd5 c6 16. Qd2 Qb6 17. b4 Bh4 18. g3 Bg5 19. h4 Bxd2 20. Bxd2 Qxf2+
21. Kh1 Qxd2 22. Rad1 Qxb4 23. Rb1 Qd2 24. Rbd1 Qf2 0-1

[Event "Tournoi francophone 003 Groupe E"]
[Site "Skype"]
[Date "????.??.??"]
[Round "1.2"]
[White "Kruk, Clementine"]
[Black "Morin, Claude"]
[Result "1-0"]
[WhiteElo "1264"]
[BlackElo "1030"]
[PlyCount "57"]

1. e4 e5 2. Nf3 d6 3. Bc4 Nf6 4. Ng5 Be6 5. Bb3 h6 6. Nxe6 fxe6 7. Nc3 c6 8.
Bxe6 Qe7 9. Bc4 Nbd7 10. d4 Nb6 11. Bb3 exd4 12. Qxd4 O-O-O 13. O-O d5 14. e5
Ne4 15. Nxe4 dxe4 16. Qxe4 g6 17. Bf4 g5 18. Qf5+ Kb8 19. e6+ Kc8 20. Be5 Bg7
21. Rad1 Qf8 22. e7+ Qxf5 23. Bxg7 Rhg8 24. Rxd8+ Rxd8 25. exd8=Q+ Kxd8 26.
Rd1+ Nd7 27. Rd6 Kc7 28. Rxh6 Qf7 29. Bxf7 1-0

[Event "Tournoi francophone 003 Groupe E"]
[Site "Skype"]
[Date "????.??.??"]
[Round "1.3"]
[White "Gagnon, Sindy"]
[Black "Bustos, Ricardo"]
[Result "0-1"]
[WhiteElo "1016"]
[BlackElo "1240"]
[PlyCount "72"]

1. d4 Nf6 2. Nf3 e6 3. Nc3 d5 4. e3 Nbd7 5. Bb5 c6 6. Bd3 Be7 7. O-O O-O 8. Re1
Re8 9. e4 dxe4 10. Nxe4 Nxe4 11. Rxe4 Nf6 12. Rh4 g6 13. Qd2 Nh5 14. Qe3 Bxh4
15. Bd2 Be7 16. Rf1 Qb6 17. Bc1 c5 18. Qh6 Bf8 19. Qe3 cxd4 20. Qe5 Bg7 21. Qg5
Bf6 22. Qh6 Bg7 23. Qg5 Qd8 24. Qc5 Qd5 25. Qa3 e5 26. Nd2 Nf4 27. Ne4 Nxd3 28.
cxd3 Bf5 29. Qb3 Qxb3 30. axb3 Bxe4 31. dxe4 Rac8 32. Bg5 h6 33. Bd2 Rc2 34.
Rd1 f5 35. exf5 gxf5 36. g4 fxg4 0-1

[Event "Tournoi francophone 003 Groupe E"]
[Site "Skype"]
[Date "????.??.??"]
[Round "1.4"]
[White "Bouffard, Georges"]
[Black "Bacha, Mehdi"]
[Result "1-0"]
[WhiteElo "1183"]
[BlackElo "1000"]
[PlyCount "89"]

1. e4 e5 2. c3 Nf6 3. Qc2 d6 4. d3 Nc6 5. Be3 Bg4 6. Be2 Bxe2 7. Qxe2 d5 8. Nd2
dxe4 9. Nxe4 Nd5 10. Bd2 f5 11. Ng5 h6 12. N5f3 e4 13. dxe4 fxe4 14. Qxe4+ Be7
15. Ne2 O-O 16. O-O-O a5 17. Kb1 a4 18. a3 Na5 19. Nc1 Nf4 20. Bxf4 Qe8 21. Nd4
Rf7 22. Ne6 Rf6 23. Nxc7 Qf8 24. g3 Ra7 25. Nb5 Ra8 26. Rd7 Re8 27. Nc7 Rd8 28.
Rxe7 Rc8 29. Qd5+ Kh8 30. Qxa5 Qxe7 31. Nd5 Qf8 32. Nxf6 Qxf6 33. Qxa4 Qf8 34.
Nd3 Re8 35. Qd4 b5 36. Bxh6 b4 37. cxb4 Kg8 38. Be3 Rd8 39. Qc4+ Qf7 40. Ne5
Rf8 41. Nxf7 Rxf7 42. Rd1 Kf8 43. Rd8+ Ke7 44. Qc7+ Kf6 45. Qd6+ 1-0

[Event "Tournoi francophone 003 Groupe E"]
[Site "Skype"]
[Date "????.??.??"]
[Round "1.6"]
[White "Lequeux, Pierre"]
[Black "Mimouni, Driss"]
[Result "1-0"]
[WhiteElo "1133"]
[BlackElo "1000"]
[PlyCount "91"]

1. Nf3 d5 2. d4 e6 3. a3 Nf6 4. Nc3 Be7 5. Bg5 Nc6 6. e3 Bd7 7. Bb5 a6 8. Bxc6
Bxc6 9. Bxf6 Bxf6 10. Qe2 O-O 11. e4 dxe4 12. Nxe4 Bxd4 13. Nxd4 Bxe4 14. Qxe4
c5 15. Nf3 Qf6 16. c3 b5 17. O-O b4 18. axb4 cxb4 19. Qxb4 Rab8 20. Qa3 Rb6 21.
b4 e5 22. Rfe1 Re8 23. c4 e4 24. Qa4 Rbe6 25. Nd2 Qf5 26. b5 e3 27. fxe3 Rxe3
28. Rxe3 Rxe3 29. Qxa6 h5 30. Qb6 Re2 31. Qd4 g5 32. b6 g4 33. b7 Re8 34. Ra8
Kf8 35. Rxe8+ Kxe8 36. b8=Q+ Ke7 37. Qbd8+ Ke6 38. Qc8+ Ke7 39. Qxf5 Kf8 40.
Qd8+ Kg7 41. Qff6+ Kh7 42. Qxf7+ Kh6 43. Qdg8 h4 44. h3 gxh3 45. Qf2 Kh5 46.
gxh3 1-0

[Event "Tournoi francophone 003 Groupe E"]
[Site "Skype"]
[Date "????.??.??"]
[Round "1.7"]
[White "Schnell, Nicolas"]
[Black "Martin, Elise"]
[Result "0-1"]
[WhiteElo "1000"]
[BlackElo "1107"]
[PlyCount "64"]

1. e4 e5 2. Nf3 Nf6 3. Nc3 Nc6 4. d3 Bb4 5. Be2 O-O 6. g4 Nxg4 7. Rg1 Nf6 8.
Bg5 h6 9. Bh4 b5 10. d4 exd4 11. Nxd4 Nxd4 12. Qxd4 Be7 13. e5 Bb7 14. exf6
Bxf6 15. Qf4 a6 16. Ne4 d5 17. Bf3 c6 18. Qf5 Qa5+ 19. c3 Qd8 20. b4 Bc8 21.
Qh5 Be6 22. Rd1 Qe7 23. c4 dxe4 24. Bxe4 Bxc4 25. Rg4 Qxb4+ 26. Rd2 Qb1+ 27.
Rd1 Qb4+ 28. Rd2 Bc3 29. Bc2 Bxd2+ 30. Kd1 Bc3 31. Qf5 Qb2 32. Bb1 Qd2# 0-1

[Event "Tournoi francophone 003 Groupe E"]
[Site "Skype"]
[Date "????.??.??"]
[Round "1.8"]
[White "Guillaume, Mickael"]
[Black "Tu, Harrison"]
[Result "1-0"]
[WhiteElo "1102"]
[BlackElo "1000"]
[PlyCount "41"]

1. e3 e5 2. Bc4 d5 3. Bb3 Bb4 4. Nf3 e4 5. Ne5 Nf6 6. h3 O-O 7. O-O d4 8. Qe2
dxe3 9. Qxe3 Qe8 10. Qd4 Bd6 11. Nc4 b5 12. Nxd6 cxd6 13. Qxd6 Nbd7 14. Nc3 b4
15. Qxb4 a5 16. Qc4 Bb7 17. d3 Rc8 18. Qa4 Bc6 19. Qxa5 Qd8 20. Qxd8 Rcxd8 21.
Bf4 1-0

[Event "Tournoi francophone 003 Groupe E"]
[Site "Skype"]
[Date "????.??.??"]
[Round "2.1"]
[White "Lecluyse, Koenraad"]
[Black "Lequeux, Pierre"]
[Result "1-0"]
[WhiteElo "1265"]
[BlackElo "1133"]
[PlyCount "97"]

1. d4 d5 2. Nf3 h6 3. Bf4 e6 4. e3 Bd7 5. Bd3 Bd6 6. Bxd6 cxd6 7. c3 Nf6 8. h3
Qb6 9. b3 a6 10. O-O Bb5 11. Bxb5+ axb5 12. b4 O-O 13. Qc2 Nbd7 14. Nbd2 e5 15.
dxe5 Nxe5 16. Nxe5 dxe5 17. Nf3 Rfe8 18. Rfe1 Rac8 19. Qb3 Rcd8 20. Rad1 d4 21.
exd4 exd4 22. Rxe8+ Nxe8 23. Rxd4 Rxd4 24. cxd4 Nd6 25. Qd5 Qc6 26. Qb3 Qc4 27.
Qb2 Qd3 28. Ne5 Nc4 29. Nxd3 Nxb2 30. Nxb2 Kf8 31. Nd3 Ke7 32. Nc5 b6 33. Ne4
Ke6 34. Nc3 Kd6 35. f4 f5 36. Kf2 h5 37. Kf3 g6 38. g4 hxg4+ 39. hxg4 fxg4+ 40.
Kxg4 Ke6 41. Kg5 Kf7 42. f5 gxf5 43. Kxf5 Ke7 44. Ke5 Kd7 45. d5 Kc7 46. d6+
Kd7 47. Nd5 Kc6 48. Ke6 Kb7 49. d7 1-0

[Event "Tournoi francophone 003 Groupe E"]
[Site "Skype"]
[Date "????.??.??"]
[Round "2.2"]
[White "Farthouat, Catherine"]
[Black "Kruk, Clementine"]
[Result "0-1"]
[WhiteElo "1150"]
[BlackElo "1264"]
[PlyCount "66"]

1. Nf3 Nc6 2. c4 e6 3. g3 Nf6 4. Bg2 d5 5. O-O Bc5 6. a3 a5 7. d3 e5 8. Nbd2
Be6 9. b3 O-O 10. Bb2 Bd4 11. Qc2 Bxb2 12. Qxb2 d4 13. Rac1 Qd7 14. Rfe1 Bh3
15. Bh1 Rfe8 16. c5 Qg4 17. b4 axb4 18. axb4 Ra4 19. b5 Rb4 20. Qa1 Rxb5 21.
Nc4 e4 22. Na3 Ra5 23. Qb2 exf3 24. Bxf3 Qf5 25. Nc4 Rxc5 26. Qxb7 Nd5 27. Be4
Qh5 28. e3 Rb8 29. Qa6 Ndb4 30. exd4 Nxa6 31. dxc5 Nxc5 32. Rcd1 Nxe4 33. Rxe4
Qxd1+ 0-1

[Event "Tournoi francophone 003 Groupe E"]
[Site "Skype"]
[Date "????.??.??"]
[Round "2.3"]
[White "Bustos, Ricardo"]
[Black "Guillaume, Mickael"]
[Result "1-0"]
[WhiteElo "1240"]
[BlackElo "1102"]
[PlyCount "71"]

1. c4 d5 2. cxd5 Qxd5 3. Nc3 Qa5 4. Qa4+ Nc6 5. Qxa5 Nxa5 6. b4 e6 7. bxa5 Nf6
8. e4 Bd6 9. Nf3 O-O 10. e5 Be7 11. exf6 Bxf6 12. Bb2 e5 13. Ne4 Be7 14. Bxe5
Bf5 15. Ng3 Bg4 16. Be2 f6 17. Bxc7 Rac8 18. Bf4 Rc5 19. h3 Rfc8 20. O-O Be6
21. d4 Rc2 22. Bd3 R2c3 23. Rfd1 g6 24. Be4 b6 25. axb6 axb6 26. Ne2 Ra3 27. d5
Bf7 28. d6 Bf8 29. d7 Rd8 30. Bc7 Be7 31. Bxd8 Bxd8 32. Nfd4 f5 33. Nb5 Ra4 34.
Bc6 Bc4 35. Nd6 Bc7 36. Bxa4 1-0

[Event "Tournoi francophone 003 Groupe E"]
[Site "Skype"]
[Date "????.??.??"]
[Round "2.4"]
[White "Martin, Elise"]
[Black "Bouffard, Georges"]
[Result "0-1"]
[WhiteElo "1107"]
[BlackElo "1183"]
[PlyCount "88"]

1. e4 e6 2. Nf3 d6 3. d4 Nd7 4. Bc4 Nb6 5. Bb3 c6 6. O-O Bd7 7. Nc3 Be7 8. Na4
Nc8 9. h3 b5 10. Nc3 a5 11. a3 a4 12. Ba2 Qb6 13. Be3 Na7 14. e5 d5 15. Ne2 b4
16. Rb1 b3 17. cxb3 Nc8 18. Nf4 Nh6 19. Nh5 Nf5 20. Bf4 g6 21. Ng7+ Nxg7 22.
Bh6 Nf5 23. Qd2 Nxh6 24. Qxh6 Bf8 25. Qg5 Ne7 26. Rbc1 axb3 27. Bb1 h6 28. Qf6
Rh7 29. Bxg6 Nxg6 30. Rfe1 Be7 31. Qxg6 fxg6 32. Rc3 Rf7 33. Ree3 Qa5 34. Nd2
c5 35. Rg3 g5 36. dxc5 Bxc5 37. Nxb3 Qb5 38. Kh2 Bxf2 39. Rg4 d4 40. Nxd4 Qxe5+
41. Kh1 Bxd4 42. Rc1 Bxb2 43. Rd1 Ba4 44. Rd2 Rf1# 0-1

[Event "Tournoi francophone 003 Groupe E"]
[Site "Skype"]
[Date "????.??.??"]
[Round "2.5"]
[White "Bacha, Mehdi"]
[Black "Talbot, Jean"]
[Result "1-0"]
[WhiteElo "1000"]
[BlackElo "1098"]
[PlyCount "57"]

1. d4 d5 2. e3 Nf6 3. Bd3 e6 4. f4 Bd6 5. Nf3 O-O 6. O-O Re8 7. c3 Ne4 8. Nbd2
Nxd2 9. Qxd2 Nc6 10. Qf2 Qf6 11. Bd2 Bd7 12. Ng5 h6 13. Nf3 Re7 14. Be2 g5 15.
Ne5 gxf4 16. Nxd7 Rxd7 17. Rae1 Re8 18. exf4 Rde7 19. Qg3+ Qg7 20. Qf2 f6 21.
Bh5 Rf8 22. Re3 e5 23. Rg3 exf4 24. Rxg7+ Kxg7 25. Qg3+ Kh7 26. Bg6+ Kg7 27.
Qh4 Kxg6 28. Bxf4 Bxf4 29. Rxf4 1-0

[Event "Tournoi francophone 003 Groupe E"]
[Site "Skype"]
[Date "????.??.??"]
[Round "2.6"]
[White "Morin, Claude"]
[Black "Schnell, Nicolas"]
[Result "1-0"]
[WhiteElo "1030"]
[BlackElo "1000"]
[PlyCount "75"]

1. e4 e6 2. Nf3 g6 3. c3 Bg7 4. d4 d5 5. e5 Nc6 6. Bb5 a6 7. Ba4 b5 8. O-O Nh6
9. h3 Nf5 10. Bg5 Nce7 11. Bc2 Bb7 12. Bf6 Rg8 13. Ng5 Nh4 14. Qg4 Nhf5 15.
Nxh7 Bh6 16. Bxe7 Nxe7 17. Nf6+ Kf8 18. Nxg8 Nxg8 19. Na3 b4 20. cxb4 a5 21. b5
Qd7 22. Rfe1 c6 23. b6 f5 24. Qd1 Bf4 25. g3 Bg5 26. Nb1 f4 27. h4 Bh6 28. Bxg6
Qg7 29. Qd3 Ba6 30. Qd2 Rb8 31. Qxa5 Qxg6 32. Qxa6 Re8 33. Qa7 Qg4 34. b7 Re7
35. Qa8+ Re8 36. b8=Q Kf7 37. Qxe8+ Kg7 38. Qxg8# 1-0

[Event "Tournoi francophone 003 Groupe E"]
[Site "Skype"]
[Date "????.??.??"]
[Round "2.7"]
[White "Mimouni, Driss"]
[Black "Gagnon, Sindy"]
[Result "1-0"]
[WhiteElo "1000"]
[BlackElo "1016"]
[PlyCount "71"]

1. e4 e5 2. d3 Nc6 3. Nf3 Nf6 4. Bg5 Be7 5. Nc3 h6 6. Bh4 d5 7. Nxd5 Nxd5 8.
exd5 Qxd5 9. Ng5 hxg5 10. c4 Qe6 11. Bg3 Rh6 12. h3 Bd7 13. Qb3 O-O-O 14. O-O-O
Na5 15. Qc2 Bc6 16. Qc3 b6 17. Be2 e4 18. Bg4 f5 19. Be2 f4 20. b4 Nb7 21. Bh2
exd3 22. Bxd3 Be8 23. c5 bxc5 24. Rhe1 Qxa2 25. Qb2 Qd5 26. Rxe7 Qxg2 27. Qxg7
Rc6 28. Bg1 Bh5 29. Bf1 Qxg1 30. Rde1 cxb4+ 31. Kb2 Qxf2+ 32. Kb1 Rd2 33. Qf8+
Nd8 34. Re8 Kb7 35. Rxd8 Rdc2 36. Rb8# 1-0

[Event "Tournoi francophone 003 Groupe E"]
[Site "Skype"]
[Date "????.??.??"]
[Round "3.1"]
[White "Kruk, Clementine"]
[Black "Lecluyse, Koenraad"]
[Result "1-0"]
[WhiteElo "1264"]
[BlackElo "1265"]
[PlyCount "37"]

1. e4 e5 2. Nf3 Nc6 3. Bc4 Nf6 4. Ng5 d5 5. exd5 Nxd5 6. d3 Bb4+ 7. Bd2 Bxd2+
8. Qxd2 O-O 9. Nc3 Nce7 10. d4 exd4 11. Qxd4 Nf5 12. Qxd5 Qe7+ 13. Nge4 Nd6 14.
O-O-O Be6 15. Qe5 Nxc4 16. Nd5 Qd7 17. Nef6+ gxf6 18. Nxf6+ Kg7 19. Nxd7+ 1-0

[Event "Tournoi francophone 003 Groupe E"]
[Site "Skype"]
[Date "????.??.??"]
[Round "3.2"]
[White "Bouffard, Georges"]
[Black "Bustos, Ricardo"]
[Result "0-1"]
[WhiteElo "1183"]
[BlackElo "1240"]
[PlyCount "134"]

1. d4 Nf6 2. Nc3 d5 3. f3 e6 4. Be3 b6 5. Bf2 c5 6. e3 Nc6 7. Nge2 cxd4 8. exd4
Be7 9. Ng3 O-O 10. Bd3 Nb4 11. Be2 Bb7 12. a3 Nc6 13. Bb5 a6 14. Bd3 b5 15. f4
b4 16. Nb1 Qc7 17. Qf3 bxa3 18. bxa3 Qb6 19. Qd1 Nxd4 20. Nd2 Qc7 21. Nb3 Nxb3
22. Ra2 Nc5 23. O-O Nxd3 24. cxd3 Qc6 25. Bd4 Rac8 26. Rff2 Qd6 27. Be5 Qc5 28.
Qb3 Ng4 29. d4 Qb5 30. Qf3 Nxf2 31. Rxf2 f6 32. Nh5 fxe5 33. dxe5 d4 34. Qg4
Rf7 35. Qxe6 Bxa3 36. f5 Re8 37. Nf6+ gxf6 38. Qa2 Qd5 39. e6 Qxa2 40. Rxa2 Rc7
41. Rxa3 Rc1+ 42. Kf2 Rc2+ 43. Kg3 Rxg2+ 44. Kh3 Rg5 45. Kh4 Rxf5 46. Rg3+ Kh8
47. Rb3 Bd5 48. e7 Ra8 49. Rb6 d3 50. Rd6 d2 51. Rd8+ Kg7 52. e8=Q Rxd8 53.
Qe7+ Kh6 54. Qe3+ Kg6 55. Qxd2 Rh5+ 56. Kg3 Rg5+ 57. Kf4 Rf5+ 58. Ke3 Re8+ 59.
Kd4 Re4+ 60. Kc5 Be6+ 61. Kd6 Rd5+ 62. Qxd5 Bxd5 63. Kxd5 Rh4 64. Kc5 Rxh2 65.
Kb6 f5 66. Kxa6 f4 67. Kb5 f3 0-1

[Event "Tournoi francophone 003 Groupe E"]
[Site "Skype"]
[Date "????.??.??"]
[Round "3.3"]
[White "Martin, Elise"]
[Black "Farthouat, Catherine"]
[Result "0-1"]
[WhiteElo "1107"]
[BlackElo "1150"]
[PlyCount "76"]

1. e4 g6 2. d3 Bg7 3. Nf3 d6 4. Nbd2 Nf6 5. Be2 O-O 6. Ng5 e6 7. d4 Nc6 8. Ndf3
b6 9. Bb5 Bb7 10. O-O Na5 11. Bd2 c6 12. Ba4 Rc8 13. Bxa5 bxa5 14. e5 Nd5 15.
Bb3 c5 16. c3 cxd4 17. Qxd4 dxe5 18. Qh4 h6 19. Bc2 hxg5 20. Nxg5 Nf6 21. Rfe1
Qd2 22. Ba4 Rfd8 23. h3 Qxb2 24. Rad1 Qxc3 25. Nf3 Bxf3 26. Re3 Rxd1+ 27. Bxd1
Qc1 28. Rd3 Bxd1 29. Qg3 Be2+ 30. Kh2 Bxd3 31. Qxd3 e4 32. Qd6 e3 33. f4 e2 34.
f5 Qd1 35. Qa6 e1=Q 36. Qxc8+ Kh7 37. Qc4 gxf5 38. Qh4+ Qxh4 0-1

[Event "Tournoi francophone 003 Groupe E"]
[Site "Skype"]
[Date "????.??.??"]
[Round "3.4"]
[White "Lequeux, Pierre"]
[Black "Bacha, Mehdi"]
[Result "1/2-1/2"]
[WhiteElo "1133"]
[BlackElo "1000"]
[PlyCount "89"]

1. Nf3 d5 2. d4 e6 3. a3 Nf6 4. Bf4 Ne4 5. e3 Bd6 6. Bxd6 cxd6 7. Bd3 O-O 8.
Nc3 Nc6 9. Nxe4 dxe4 10. Bxe4 d5 11. Bd3 Bd7 12. c3 Qb6 13. b4 a5 14. b5 Ne7
15. Rb1 Qc7 16. Qd2 Nf5 17. Bc2 Rac8 18. Qd3 Qxc3+ 19. Qxc3 Rxc3 20. Bxf5 exf5
21. a4 Ra3 22. O-O Rxa4 23. b6 Rc4 24. Ra1 Rfc8 25. Rae1 a4 26. Nd2 Rc1 27.
Rxc1 Rxc1 28. Rxc1 a3 29. Nb3 h6 30. Rc7 Ba4 31. Na1 a2 32. Rxb7 Bc2 33. Ra7
Bb3 34. b7 g5 35. b8=Q+ Kg7 36. Nxb3 a1=Q+ 37. Nxa1 Kg6 38. Ra5 f6 39. Rxd5 Kh5
40. Qe8+ Kh4 41. Rxf5 h5 42. Rxf6 g4 43. g3+ Kh3 44. Rh6 h4 45. Qd8 1/2-1/2

[Event "Tournoi francophone 003 Groupe E"]
[Site "Skype"]
[Date "????.??.??"]
[Round "3.5"]
[White "Guillaume, Mickael"]
[Black "Mimouni, Driss"]
[Result "1-0"]
[WhiteElo "1102"]
[BlackElo "1000"]
[PlyCount "73"]

1. c4 c5 2. e4 d6 3. Nc3 e6 4. Bd3 Nf6 5. Qf3 e5 6. h3 Bd7 7. Nge2 Bc6 8. Nd5
Qd7 9. Nxf6+ gxf6 10. Qxf6 Rg8 11. Qf3 d5 12. exd5 Qe7 13. dxc6 Nxc6 14. a3 f5
15. Qxf5 Rg5 16. Qf3 O-O-O 17. O-O Bh6 18. Bf5+ Kb8 19. d3 Qf7 20. Bxg5 Bxg5
21. Qe4 h6 22. Rad1 Qe7 23. h4 Bxh4 24. Qf3 Qg5 25. b4 cxb4 26. axb4 Nd4 27.
Nxd4 exd4 28. g3 Rf8 29. g4 h5 30. Rde1 hxg4 31. Qxg4 Rg8 32. Re4 Qh6 33. Qxg8+
Kc7 34. Re7+ Bxe7 35. Qc8+ Kb6 36. Qc5+ Ka6 37. Qb5# 1-0

[Event "Tournoi francophone 003 Groupe E"]
[Site "Skype"]
[Date "????.??.??"]
[Round "3.7"]
[White "Talbot, Jean"]
[Black "Gagnon, Sindy"]
[Result "0-1"]
[WhiteElo "1098"]
[BlackElo "1016"]
[PlyCount "52"]

1. e4 Nf6 2. Nc3 d5 3. e5 Ng4 4. h3 Nxf2 5. Kxf2 e6 6. Bb5+ c6 7. Bd3 Bc5+ 8.
Kf1 O-O 9. Nf3 Nd7 10. Na4 Be7 11. g4 Nxe5 12. Nxe5 Bh4 13. Rg1 b5 14. Nc5 Qb6
15. b4 f6 16. Nf3 Bg5 17. Nxg5 fxg5+ 18. Ke1 e5 19. Qe2 Bb7 20. Qxe5 Rae8 21.
Qxe8 Rxe8+ 22. Kd1 a5 23. c3 d4 24. bxa5 Qxc5 25. cxd4 Qxd4 26. Rf1 Qxa1 0-1

[Event "Tournoi francophone 003 Groupe E"]
[Site "Skype"]
[Date "????.??.??"]
[Round "4.1"]
[White "Bustos, Ricardo"]
[Black "Kruk, Clementine"]
[Result "0-1"]
[WhiteElo "1240"]
[BlackElo "1264"]
[PlyCount "43"]

1. d4 d5 2. c4 e6 3. Nc3 Nf6 4. Bg5 Nbd7 5. cxd5 exd5 6. Nxd5 c5 7. e3 Qa5+ 8.
Nc3 cxd4 9. exd4 Qxg5 10. Nf3 Qa5 11. a3 Qb6 12. Be2 Qxb2 13. Na4 Bb4+ 14. axb4
Qxb4+ 15. Qd2 Qxd2+ 16. Nxd2 Nb6 17. Nxb6 Bg4 18. f3 Bf5 19. Nxa8 O-O 20. Nc7
Rd8 21. d5 Nxd5 22. Nxd5 0-1

[Event "Tournoi francophone 003 Groupe E"]
[Site "Skype"]
[Date "????.??.??"]
[Round "4.2"]
[White "Lecluyse, Koenraad"]
[Black "Guillaume, Mickael"]
[Result "1-0"]
[WhiteElo "1265"]
[BlackElo "1102"]
[PlyCount "69"]

1. d4 d5 2. Nf3 Nc6 3. e3 a6 4. Bd3 Nf6 5. O-O e6 6. c3 Be7 7. Nbd2 Bd6 8. h3
e5 9. e4 Be6 10. dxe5 Nxe5 11. Nxe5 Bxe5 12. Qf3 d4 13. c4 Qd6 14. g3 Bxh3 15.
Re1 O-O 16. Qe2 g5 17. Nf3 Bxg3 18. Nxg5 Bh2+ 19. Kh1 Be6 20. Rf1 Kh8 21. f4
Bg3 22. e5 Qc6+ 23. Be4 Nxe4 24. Nxe4 Bh4 25. f5 Bd7 26. Kh2 Rg8 27. Nf6 Bg3+
28. Kh3 Rg7 29. Bh6 Bxe5 30. Bxg7+ Kxg7 31. Nh5+ Kh8 32. Qxe5+ f6 33. Nxf6 Rf8
34. Nh5+ Kg8 35. Qg7# 1-0

[Event "Tournoi francophone 003 Groupe E"]
[Site "Skype"]
[Date "????.??.??"]
[Round "4.4"]
[White "Bacha, Mehdi"]
[Black "Morin, Claude"]
[Result "1/2-1/2"]
[WhiteElo "1000"]
[BlackElo "1030"]
[PlyCount "88"]

1. d4 d5 2. e3 e6 3. Bd3 Nf6 4. f4 c5 5. Nf3 Be7 6. O-O O-O 7. Ne5 Nbd7 8. Rf3
c4 9. Be2 b6 10. Rh3 Bb7 11. Nc3 Bd6 12. Nb5 Nxe5 13. fxe5 Be7 14. exf6 Bxf6
15. b3 c3 16. Bd3 g6 17. Nxc3 Rc8 18. Ba3 Be7 19. Bb2 Bf6 20. Nb5 Ra8 21. Ba3
Be7 22. Qd2 Qd7 23. Rf1 e5 24. Bxe7 Qxe7 25. c4 a6 26. Nc3 dxc4 27. bxc4 Qg5
28. Qf2 Bxg2 29. Re1 exd4 30. Rg3 dxc3 31. Rxg2 Qc5 32. Rf1 Qe7 33. e4 b5 34.
Qe1 Rad8 35. Qxc3 b4 36. Qe1 Rxd3 37. Qe2 Rh3 38. Rf3 Rh5 39. Re3 Rg5 40. Reg3
Re5 41. Re3 a5 42. Qe1 Rc5 43. Qe2 Rg5 44. Reg3 Re5 1/2-1/2

[Event "Tournoi francophone 003 Groupe E"]
[Site "Skype"]
[Date "????.??.??"]
[Round "4.5"]
[White "Gagnon, Sindy"]
[Black "Lequeux, Pierre"]
[Result "0-1"]
[WhiteElo "1016"]
[BlackElo "1133"]
[PlyCount "58"]

1. e4 e5 2. Nf3 Nc6 3. Nc3 d6 4. Bc4 Bg4 5. h3 Bh5 6. Be2 Bxf3 7. Bxf3 Be7 8.
Ne2 Nf6 9. c3 O-O 10. Ng3 d5 11. exd5 Nxd5 12. Qc2 Nb8 13. Qf5 Qd7 14. Qh5 Nf6
15. Qh4 Nd5 16. Be4 Bxh4 17. Bxd5 Qxd5 18. Rg1 Bxg3 19. fxg3 Qe4+ 20. Kd1 Nc6
21. d3 Qa4+ 22. b3 Qa6 23. Kc2 Rad8 24. a4 Qxd3+ 25. Kb2 Qxg3 26. Ka2 a5 27.
Ba3 Rd2+ 28. Kb1 Qg6+ 29. Kc1 Qc2# 0-1

[Event "Tournoi francophone 003 Groupe E"]
[Site "Skype"]
[Date "????.??.??"]
[Round "4.6"]
[White "Tu, Harrison"]
[Black "Martin, Elise"]
[Result "1/2-1/2"]
[WhiteElo "1000"]
[BlackElo "1107"]
[PlyCount "37"]

1. e4 d6 2. Nf3 e5 3. Bb5+ Nd7 4. O-O Ngf6 5. Re1 Be7 6. d4 O-O 7. dxe5 dxe5 8.
Bg5 c6 9. Ba4 b5 10. Bb3 Nb6 11. Bxf6 Bxf6 12. Nc3 Nd7 13. a4 Be7 14. axb5 cxb5
15. Nxb5 Qb6 16. Bc4 Nf6 17. Nxe5 Ng4 18. Rf1 Nxe5 19. Qd5 1/2-1/2

[Event "Tournoi francophone 003 Groupe E"]
[Site "Skype"]
[Date "????.??.??"]
[Round "4.7"]
[White "Mimouni, Driss"]
[Black "Schnell, Nicolas"]
[Result "1-0"]
[WhiteElo "1000"]
[BlackElo "1000"]
[PlyCount "79"]

1. e4 Nc6 2. d3 Ne5 3. Qd2 d6 4. c3 Bg4 5. d4 c5 6. dxe5 e6 7. exd6 Nf6 8. h3
Bh5 9. Na3 e5 10. Nb5 Rc8 11. Bc4 Qd7 12. g4 Bg6 13. Nxa7 Ra8 14. Nb5 Ra4 15.
b4 Nxe4 16. Nc7+ Kd8 17. Qd5 Nxc3 18. Qxb7 Qc8 19. Qb6 Rxb4 20. Qxb4 cxb4 21.
Rb1 Bxb1 22. Bg5+ f6 23. Be6 Qb7 24. Rh2 Qe4+ 25. Kf1 Bd3+ 26. Ne2 Bxe2+ 27.
Ke1 Qb1+ 28. Kd2 Qd3+ 29. Kc1 Qd1+ 30. Kb2 Nb1 31. Bf5 Nd2 32. Ne6+ Kd7 33.
Nc7+ Kxd6 34. Bc2 Nc4+ 35. Kb3 Qe1 36. Nb5+ Ke6 37. Bf5+ Kd5 38. Nc3+ Qxc3+ 39.
Ka4 Bd1+ 40. Kb5 1-0

[Event "Tournoi francophone 003 Groupe E"]
[Site "Skype"]
[Date "????.??.??"]
[Round "5.1"]
[White "Kruk, Clementine"]
[Black "Bouffard, Georges"]
[Result "1-0"]
[WhiteElo "1264"]
[BlackElo "1183"]
[PlyCount "65"]

1. e4 d6 2. d4 e6 3. Nc3 Nf6 4. Nf3 c6 5. e5 Nfd7 6. Bg5 Be7 7. Ne4 Bxg5 8.
Nxd6+ Kf8 9. Nxc8 Qa5+ 10. c3 Nb6 11. Nxb6 axb6 12. Nxg5 b5 13. Qf3 Qc7 14. Bd3
Qe7 15. Nxh7+ Kg8 16. Qh5 Nd7 17. f4 Nf8 18. Qg5 Ng6 19. Bxg6 Qxg5 20. Bxf7+
Kxf7 21. Nxg5+ Ke7 22. g4 g6 23. h4 Raf8 24. f5 exf5 25. gxf5 gxf5 26. h5 Rh6
27. Ke2 f4 28. Nf3 Ke6 29. a3 Rg8 30. Rag1 Rg3 31. Rxg3 fxg3 32. Kf1 Rh7 33.
Ng5+ 1-0

[Event "Tournoi francophone 003 Groupe E"]
[Site "Skype"]
[Date "????.??.??"]
[Round "5.2"]
[White "Bustos, Ricardo"]
[Black "Lecluyse, Koenraad"]
[Result "1-0"]
[WhiteElo "1240"]
[BlackElo "1265"]
[PlyCount "103"]

1. d4 d5 2. Nf3 Nf6 3. c4 e6 4. Nc3 c6 5. Bg5 Be7 6. e3 Nbd7 7. Bf4 O-O 8. Bd3
Nb6 9. cxd5 cxd5 10. O-O Bd7 11. Qc2 g6 12. e4 Bc6 13. e5 Ne4 14. Nxe4 dxe4 15.
Bxe4 Rc8 16. Bxc6 Rxc6 17. Qb3 Qd7 18. Rac1 Nd5 19. Bd2 Rfc8 20. Rxc6 Rxc6 21.
h3 Nb6 22. a4 Nc4 23. Bb4 Bd8 24. Qa2 Qd5 25. b3 Nb6 26. a5 Nd7 27. Bd2 Qe4 28.
Rc1 Rxc1+ 29. Bxc1 Qd3 30. Kh2 Nb8 31. Be3 Nc6 32. Ne1 Qe4 33. b4 Nxd4 34. Bxd4
Qxd4 35. Nf3 Qxb4 36. a6 b6 37. Qa1 Bc7 38. g3 Qc5 39. Kg2 h5 40. Qd4 Qe7 41.
Qh4 Qc5 42. Qd4 Kg7 43. Qh4 Qa5 44. Qe7 Bxe5 45. Ng5 Qd5+ 46. Kh2 Kh6 47. Nxf7+
Kg7 48. Nxe5+ Kh6 49. Nf7+ Kg7 50. Ng5+ Kh6 51. Nxe6 Qf5 52. Qg7# 1-0

[Event "Tournoi francophone 003 Groupe E"]
[Site "Skype"]
[Date "????.??.??"]
[Round "5.3"]
[White "Morin, Claude"]
[Black "Lequeux, Pierre"]
[Result "0-1"]
[WhiteElo "1030"]
[BlackElo "1133"]
[PlyCount "90"]

1. e4 e5 2. Nf3 Nc6 3. Bc4 d6 4. h3 h6 5. d3 Nf6 6. Nbd2 Be7 7. O-O O-O 8. a3
Nd4 9. c3 Nxf3+ 10. Nxf3 d5 11. Bb3 dxe4 12. Nxe5 Be6 13. Bxe6 fxe6 14. Ng6 Rf7
15. Be3 Kh7 16. Ne5 Rf8 17. d4 c6 18. f4 Nd7 19. Qe1 Bh4 20. g3 Be7 21. Qf2
Nxe5 22. Qg2 Nc4 23. Qxe4+ g6 24. Qxe6 Nxb2 25. Rf2 Rf6 26. Qe5 Nd3 27. Qe4
Nxf2 28. Bxf2 Qf8 29. Re1 Re8 30. d5 Qh8 31. d6 Rxd6 32. Qa4 a6 33. Re4 Qxc3
34. Qc4 Qxc4 35. Rxc4 Rd3 36. h4 Bxa3 37. g4 a5 38. Ra4 Bb4 39. Ra2 Re6 40. f5
gxf5 41. gxf5 Rf6 42. Re2 Rxf5 43. Re7+ Bxe7 44. Bg3 a4 45. Be5 Rxe5 0-1